000 01287nam0a22002531 4500
001 rc\1016220
005 20260408143817.0
035 _a(NLR Aleph) 006181367
090 _a6069148
_c6069147
100 _a20041129d1981 u y0rusy50 ca
101 0 _arus
102 _aRU
105 _ay |||||||||
200 1 _aМеждународный симпозиум по физике ионосферы и магнитосферы Земли и солнечного ветра
_eПрограмма и тез. докл. 27-30 мая 1981 г.
210 _aЦахкадзор
_cИКИ
_d1981
215 _a64 с.
_d20
300 _aВ надзаг.: АН СССР, АН АрмССР, Совет по междунар. сотрудничеству в обл. исслед. и использ. космич. пространства при АН СССР "Интеркосмос", Ин-т космич. исслед. АН СССР
710 1 2 _aМеждународный симпозиум по физике ионосферы и магнитосферы Земли и солнечного ветра
_f1981
_eЦахкадзор
_3RU\NLR\AUTH\880633133
_92682327
801 0 _aRU
_bNLR
_gpsbo
801 1 _aRU
_bELAR
_2rusmarc
852 _aNLR
_j81-4/25879
942 _cBOOK
980 _aNB